[Event "Lloyds Bank Masters 16th"]
[Site "London"]
[Date "1992.08.22"]
[Round "1"]
[White "Berry, Stephen H"]
[Black "Poulton, James R"]
[Result "1-0"]
[WhiteElo "2320"]
[BlackElo "2255"]
[PlyCount "71"]
[EventDate "1992.08.22"]
[EventType "swiss"]
[EventRounds "10"]
[EventCountry "ENG"]
[SourceTitle "BritBase"]
[Source "John Saunders"]
[SourceDate "2023.12.16"]
[SourceVersion "1"]
[SourceVersionDate "2023.12.16"]
[SourceQuality "1"]

1. b3 Nf6 2. Bb2 d6 3. e3 g6 4. c4 Bg7 5. Nc3 O-O 6. Nf3 e5 7. Be2 Re8 8. d4
Nbd7 9. Qc2 c6 10. O-O-O Qa5 11. h3 e4 12. Nd2 d5 13. g4 h6 14. Kb1 Nf8 15.
Rdg1 g5 16. h4 Bd7 17. Nf1 b5 18. c5 b4 19. Na4 Qd8 20. Bc1 Ng6 21. hxg5 hxg5
22. Bd2 Rb8 23. Qd1 Qc7 24. Be1 Nh4 25. Bd2 Be6 26. Nh2 Kf8 27. Kc1 Ke7 28. Qe1
a5 29. f4 exf3 30. Nxf3 Nxf3 31. Bxf3 Ne4 32. Bxe4 dxe4 33. Qg3 Qd8 34. Rh5 Bf6
35. Rf1 Bd5 36. Qd6+ 1-0

[Event "Lloyds Bank Masters 16th"]
[Site "London"]
[Date "1992.08.22"]
[Round "1"]
[White "Brown, Simon D"]
[Black "Emms, John M"]
[Result "1-0"]
[WhiteElo "2270"]
[BlackElo "2455"]
[PlyCount "83"]
[EventDate "1992.08.22"]
[EventType "swiss"]
[EventRounds "10"]
[EventCountry "ENG"]
[SourceTitle "BritBase"]
[Source "John Saunders"]
[SourceDate "2023.12.16"]
[SourceVersion "1"]
[SourceVersionDate "2023.12.16"]
[SourceQuality "1"]

1. d4 Nf6 2. c4 e6 3. Nf3 c5 4. e3 d5 5. Nc3 Nc6 6. Be2 dxc4 7. Bxc4 cxd4 8.
exd4 Be7 9. O-O O-O 10. Be3 a6 11. Rc1 b5 12. Bd3 Nb4 13. Bb1 Bb7 14. Ne5 Rc8
15. Bg5 Qd6 16. a3 Nbd5 17. Qd3 g6 18. Ne2 Nd7 19. Bh6 Rfd8 20. Qg3 Bf6 21. f4
Rxc1 22. Rxc1 Ne7 23. b4 Qd5 24. Rc7 Ba8 25. Qf3 Qxf3 26. gxf3 Nxe5 27. fxe5
Bh4 28. Kg2 Nd5 29. Ra7 g5 30. Be4 Ne3+ 31. Kh3 Bd5 32. Bxd5 Nxd5 33. Rxa6 Ne3
34. Ng3 f5 35. exf6 Kf7 36. f4 Bxg3 37. hxg3 g4+ 38. Kh4 Rxd4 39. Bg5 h6 40.
Ra7+ Kg6 41. Rg7+ Kf5 42. f7 1-0

[Event "Lloyds Bank Masters 16th"]
[Site "London"]
[Date "1992.08.22"]
[Round "1"]
[White "Corkett, Anthony R"]
[Black "Freeman, Michael Joseph"]
[Result "1-0"]
[WhiteElo "2340"]
[BlackElo "2230"]
[PlyCount "121"]
[EventDate "1992.08.22"]
[EventType "swiss"]
[EventRounds "10"]
[EventCountry "ENG"]
[SourceTitle "BritBase"]
[Source "John Saunders"]
[SourceDate "2023.12.16"]
[SourceVersion "1"]
[SourceVersionDate "2023.12.16"]
[SourceQuality "1"]

1. e4 c6 2. d4 d5 3. e5 Bf5 4. Nc3 h5 5. Bd3 Bxd3 6. Qxd3 e6 7. Nf3 Qa5 8. Bd2
Qa6 9. Qxa6 Nxa6 10. a3 Ne7 11. Nh4 c5 12. dxc5 Nc6 13. b4 Nxe5 14. Nb5 Kd7 15.
Bc3 Nc4 16. O-O Be7 17. Nf3 Bf6 18. Rfe1 Nc7 19. Bxf6 gxf6 20. Nbd4 a5 21. Nb3
Nb5 22. a4 Nc3 23. b5 Rhc8 24. Nfd4 Ne4 25. c6+ bxc6 26. Nxc6 Rg8 27. Rxe4 dxe4
28. Nc5+ Kc7 29. Nxe4 f5 30. Nf6 Rg6 31. Nxh5 Rag8 32. g3 Rh6 33. Nf4 Rgh8 34.
h4 e5 35. Nd5+ Kb7 36. Re1 f6 37. Ne3 Nxe3 38. Rxe3 f4 39. Rc3 Kb6 40. Ne7 Rd8
41. Kg2 fxg3 42. fxg3 Rh7 43. Rc6+ Kb7 44. Nf5 Rc7 45. Rxf6 Rxc2+ 46. Kh3 Ra2
47. h5 Rxa4 48. h6 Ra1 49. Nd6+ Kb8 50. Nf7 Rf8 51. Rb6+ Kc7 52. Rc6+ Kb8 53.
Nxe5 Rh8 54. Kg4 a4 55. Nd7+ Kb7 56. Nc5+ Kb8 57. b6 Rh7 58. Rg6 Rh8 59. h7 Rd1
60. Rg7 a3 61. Na6+ 1-0

[Event "Lloyds Bank Masters 16th"]
[Site "London"]
[Date "1992.08.22"]
[Round "1"]
[White "Gurevich, Ilya"]
[Black "Franklin, Michael J"]
[Result "1-0"]
[WhiteElo "2510"]
[BlackElo "2300"]
[PlyCount "87"]
[EventDate "1992.08.22"]
[EventType "swiss"]
[EventRounds "10"]
[EventCountry "ENG"]
[SourceTitle "BritBase"]
[Source "John Saunders"]
[SourceDate "2023.12.16"]
[SourceVersion "1"]
[SourceVersionDate "2023.12.16"]
[SourceQuality "1"]

1. e4 c5 2. Nf3 a6 3. c3 d5 4. exd5 Qxd5 5. d4 e6 6. Be3 cxd4 7. cxd4 Nf6 8.
Nc3 Qd6 9. Bd3 Nc6 10. O-O Be7 11. Rc1 O-O 12. Bb1 Bd7 13. Ne5 Rac8 14. Bf4 Qb4
15. a3 Qa5 16. Nxd7 Nxd7 17. d5 Nce5 18. Qe2 Bf6 19. dxe6 fxe6 20. Ba2 Rce8 21.
Ne4 Kh8 22. Nd6 Re7 23. Bd2 Qb6 24. Bb4 Nc6 25. Nc4 Nd4 26. Qe4 Qc6 27. Qxc6
bxc6 28. Bxe7 Bxe7 29. Rcd1 Bf6 30. Nd6 Nc5 31. b4 Na4 32. Ne4 e5 33. Rfe1 Be7
34. Re3 Nb6 35. Nc3 Bf6 36. Ne2 Nf5 37. Rc3 Ne7 38. Rc5 Na4 39. Ra5 Nb2 40. Rd2
e4 41. Ng3 Bc3 42. Rc2 Bd4 43. Nxe4 Nf5 44. Rxc6 1-0

[Event "Lloyds Bank Masters 16th"]
[Site "London"]
[Date "1992.08.22"]
[Round "1"]
[White "Harari, Zaki"]
[Black "McNab, Colin Anderson"]
[Result "1/2-1/2"]
[WhiteElo "2290"]
[BlackElo "2480"]
[PlyCount "100"]
[EventDate "1992.08.22"]
[EventType "swiss"]
[EventRounds "10"]
[EventCountry "ENG"]
[SourceTitle "BritBase"]
[Source "John Saunders"]
[SourceDate "2023.12.16"]
[SourceVersion "1"]
[SourceVersionDate "2023.12.16"]
[SourceQuality "1"]

1. e4 g6 2. d4 d6 3. c4 Nd7 4. Nc3 e5 5. h4 Bg7 6. Bg5 Ngf6 7. dxe5 dxe5 8. h5
h6 9. Bxf6 Qxf6 10. Nd5 Qd8 11. hxg6 fxg6 12. Qg4 Nf8 13. Qg3 c6 14. Nc3 Qf6
15. O-O-O Ne6 16. Nf3 O-O 17. Bd3 g5 18. Rd2 Nf4 19. Nh2 Be6 20. Bc2 Bxc4 21.
Ng4 Qg6 22. Ne3 Be6 23. Nf5 Rae8 24. Qe3 Nxg2 25. Qxa7 Nh4 26. Rd6 Bxf5 27.
Rxg6 Bxg6 28. Qxb7 Rxf2 29. Qxc6 Kh7 30. Nd1 Rf6 31. Qb7 Nf3 32. Ne3 Nd4 33.
Nf5 Rf7 34. Qd5 Rc7 35. Ne3 Rec8 36. Rh2 Rc5 37. Qb7 R8c7 38. Qa8 Nxc2 39. Rxc2
Rxc2+ 40. Nxc2 Rc4 41. Qd5 Rxe4 42. b3 Re2 43. Nb4 g4 44. Qd1 Re4 45. Nc6 g3
46. Qf3 Re1+ 47. Kd2 Ra1 48. Qxg3 Rxa2+ 49. Ke1 Ra1+ 50. Kd2 Ra2+ 1/2-1/2

[Event "Lloyds Bank Masters 16th"]
[Site "London"]
[Date "1992.08.22"]
[Round "1"]
[White "Haslinger, Mandy"]
[Black "Saunders, John C"]
[Result "0-1"]
[WhiteElo "1610"]
[BlackElo "2160"]
[PlyCount "46"]
[EventDate "1992.08.22"]
[EventType "swiss"]
[EventRounds "10"]
[EventCountry "ENG"]
[SourceTitle "John Saunders"]
[Source "BritBase"]
[SourceDate "2021.01.09"]
[SourceVersion "1"]
[SourceVersionDate "2021.01.09"]
[SourceQuality "1"]

1. d4 Nf6 2. c4 g6 3. Nc3 Bg7 4. e4 d6 5. f4 O-O 6. Nf3 c5 7. d5 e6 8. Be2 exd5
9. cxd5 Re8 10. e5 dxe5 11. fxe5 Ng4 12. d6 Nxe5 13. O-O Nbc6 14. Nb5 Rb8 15.
Qd5 a6 16. Nc7 Be6 17. Qd1 Rf8 18. Kh1 Nxf3 19. Bxf3 Be5 20. Bh6 Qh4 21. h3
Bxh3 22. Be3 Bxg2+ 23. Kg1 Bg3 {Times : 1.13 - 1.20. Mandy Haslinger (grade
123) was 1992 British Girls' Under-11 Champion & joint Under-12 Champion.} 0-1

[Event "Lloyds Bank Masters 16th"]
[Site "London"]
[Date "1992.08.22"]
[Round "1"]
[White "Knott, Simon John Bradley"]
[Black "Watson, William Nicholas"]
[Result "1/2-1/2"]
[WhiteElo "2330"]
[BlackElo "2555"]
[PlyCount "59"]
[EventDate "1992.08.22"]
[EventType "swiss"]
[EventRounds "10"]
[EventCountry "ENG"]
[SourceTitle "BritBase"]
[Source "John Saunders"]
[SourceDate "2023.12.16"]
[SourceVersion "1"]
[SourceVersionDate "2023.12.16"]
[SourceQuality "1"]

1. c4 e5 2. Nc3 d6 3. Nf3 f5 4. d4 e4 5. Bg5 Nf6 6. Nd2 h6 7. Bxf6 Qxf6 8. e3
g6 9. g4 c6 10. gxf5 gxf5 11. Be2 Rg8 12. Bh5+ Kd8 13. Ne2 Na6 14. Nf4 Nc7 15.
d5 Qxb2 16. Rb1 Qf6 17. Nb3 Qc3+ 18. Qd2 Qxc4 19. Na5 Qa4 20. Bd1 Qa3 21. dxc6
b6 22. Nb7+ Bxb7 23. cxb7 Rb8 24. Bb3 Rg7 25. Qd4 Qa5+ 26. Ke2 Qe5 27. Qxe5
dxe5 28. Ne6+ Nxe6 29. Bxe6 Rbxb7 30. Bxf5 1/2-1/2

[Event "Lloyds Bank Masters 16th"]
[Site "London"]
[Date "1992.08.22"]
[Round "1"]
[White "Lalic, Susan Kathryn"]
[Black "Rogers, Ian"]
[Result "1/2-1/2"]
[WhiteElo "2335"]
[BlackElo "2565"]
[PlyCount "82"]
[EventDate "1992.08.22"]
[EventType "swiss"]
[EventRounds "10"]
[EventCountry "ENG"]
[SourceTitle "BritBase"]
[Source "John Saunders"]
[SourceDate "2023.12.16"]
[SourceVersion "1"]
[SourceVersionDate "2023.12.16"]
[SourceQuality "1"]

1. e4 e6 2. d4 d5 3. Nc3 Bb4 4. e5 Ne7 5. Qg4 Nf5 6. Bd3 h5 7. Qf4 Nc6 8. Bxf5
exf5 9. Nge2 Be6 10. Qg5 Bxc3+ 11. bxc3 Qxg5 12. Bxg5 Na5 13. h4 Kd7 14. Nf4 b6
15. Ke2 Nc4 16. Rhd1 Rac8 17. Rab1 c5 18. Kd3 cxd4 19. cxd4 Rc7 20. c3 g6 21.
Rdc1 Rhc8 22. Rb5 Kc6 23. a4 a6 24. Rb3 Kb7 25. Rcb1 Ka7 26. Rb4 Rc6 27. R4b3
Na5 28. Ra3 Rc4 29. Kd2 Rxd4+ 30. cxd4 Nc4+ 31. Kd1 Nxa3 32. Rc1 Nc4 33. Ke2
Kb7 34. g3 a5 35. Nd3 Bd7 36. Ra1 Ka6 37. Bc1 Rb8 38. Kf3 Be6 39. Kf4 b5 40.
Nc5+ Ka7 41. axb5 Rb6 1/2-1/2

[Event "Lloyds Bank Masters 16th"]
[Site "London"]
[Date "1992.08.22"]
[Round "1"]
[White "McMichael, Richard J"]
[Black "Hebden, Mark L"]
[Result "0-1"]
[WhiteElo "2300"]
[BlackElo "2510"]
[PlyCount "128"]
[EventDate "1992.08.22"]
[EventType "swiss"]
[EventRounds "10"]
[EventCountry "ENG"]
[SourceTitle "BritBase"]
[Source "John Saunders"]
[SourceDate "2023.12.16"]
[SourceVersion "1"]
[SourceVersionDate "2023.12.16"]
[SourceQuality "1"]

1. b3 e5 2. Bb2 Nc6 3. e3 Nf6 4. c4 d5 5. cxd5 Nxd5 6. a3 Bd6 7. d3 O-O 8. Nf3
Qe7 9. Nbd2 Bd7 10. Be2 Kh8 11. Qc2 f5 12. h4 Rae8 13. h5 Nf6 14. Nh4 Kg8 15.
b4 b5 16. Nxf5 Qf7 17. Nxd6 cxd6 18. Bf3 Rc8 19. Qd1 d5 20. O-O Be6 21. Be2 d4
22. e4 Nd7 23. Nf3 Qe7 24. Bc1 h6 25. Nh2 Nb6 26. Bg4 Na4 27. Bxe6+ Qxe6 28.
Qg4 Nd8 29. f4 Qxg4 30. Nxg4 exf4 31. Bxf4 Ne6 32. Bd6 Rxf1+ 33. Rxf1 Rc6 34.
e5 Nb2 35. Nxh6+ gxh6 36. Rf6 Ng7 37. Rf8+ Kh7 38. Bc5 Rc7 39. Rf6 Nxd3 40.
Bxd4 Nxh5 41. Ra6 Nhf4 42. Bxa7 Rc2 43. Be3 Rxg2+ 44. Kf1 Re2 45. Bxf4 Nxf4 46.
Ra5 Rxe5 47. a4 Nd5 48. Rxb5 Ne3+ 49. Ke2 Rxb5 50. axb5 Nd5 51. Kd3 Nb6 52. Kd4
h5 53. Kc5 Na4+ 54. Kd5 h4 55. Ke5 Kg6 56. Kf4 Kh5 57. Kf3 Kg5 58. Kg2 Kg4 59.
b6 Nxb6 60. b5 Nd5 61. Kh2 h3 62. Kg1 Kg3 63. Kh1 Nc3 64. b6 Ne4 0-1

[Event "Lloyds Bank Masters 16th"]
[Site "London"]
[Date "1992.08.22"]
[Round "1"]
[White "Mortazavi, Ali"]
[Black "Van der Sterren, Paul"]
[Result "1-0"]
[WhiteElo "2320"]
[BlackElo "2530"]
[PlyCount "47"]
[EventDate "1992.08.22"]
[EventType "swiss"]
[EventRounds "10"]
[EventCountry "ENG"]
[SourceTitle "BritBase"]
[Source "John Saunders"]
[SourceDate "2023.12.16"]
[SourceVersion "1"]
[SourceVersionDate "2023.12.16"]
[SourceQuality "1"]

1. Nf3 Nf6 2. d4 d5 3. c4 dxc4 4. e3 e6 5. Bxc4 c5 6. O-O a6 7. Nc3 b5 8. Bb3
Bb7 9. Qe2 Nbd7 10. Rd1 Qb8 11. a3 Bd6 12. Bc2 cxd4 13. Rxd4 Bxf3 14. Qxf3
Bxh2+ 15. Kh1 Be5 16. Rh4 h5 17. Ne4 Ng4 18. Bd2 Qd8 19. Qxg4 g6 20. Qh3 f5 21.
Bb4 Rc8 22. Bb3 Rc6 23. Rd1 Qb6 24. f4 1-0

[Event "Lloyds Bank Masters 16th"]
[Site "London"]
[Date "1992.08.22"]
[Round "1"]
[White "Murshed, Niaz"]
[Black "Marusenko, Petr"]
[Result "1-0"]
[WhiteElo "2505"]
[BlackElo "2295"]
[PlyCount "41"]
[EventDate "1992.08.22"]
[EventType "swiss"]
[EventRounds "10"]
[EventCountry "ENG"]
[SourceTitle "BritBase"]
[Source "John Saunders"]
[SourceDate "2023.12.16"]
[SourceVersion "1"]
[SourceVersionDate "2023.12.16"]
[SourceQuality "1"]

1. d4 d5 2. c4 c6 3. Nc3 Nf6 4. e3 Bf5 5. cxd5 Nxd5 6. Bc4 e6 7. Nge2 b5 8. Bb3
Nxc3 9. Nxc3 b4 10. Ne2 Bd6 11. Ng3 Bg6 12. O-O Nd7 13. f4 Qc7 14. e4 h6 15. e5
Bf8 16. f5 exf5 17. Nxf5 O-O-O 18. Qg4 Kb7 19. Be3 Nb6 20. Nh4 Qd7 21. e6 1-0

[Event "Lloyds Bank Masters 16th"]
[Site "London"]
[Date "1992.08.22"]
[Round "1"]
[White "Sadler, Matthew D"]
[Black "Mikhalevski, Victor"]
[Result "1-0"]
[WhiteElo "2515"]
[BlackElo "2320"]
[PlyCount "94"]
[EventDate "1992.08.22"]
[EventType "swiss"]
[EventRounds "10"]
[EventCountry "ENG"]
[SourceTitle "BritBase"]
[Source "John Saunders"]
[SourceDate "2023.12.16"]
[SourceVersion "1"]
[SourceVersionDate "2023.12.16"]
[SourceQuality "1"]

1. d4 d5 2. c4 e6 3. Nc3 Be7 4. cxd5 exd5 5. Bf4 Nf6 6. e3 O-O 7. Bd3 b6 8. h3
c5 9. Nge2 Nc6 10. Rc1 Be6 11. O-O Qd7 12. dxc5 bxc5 13. Qa4 a6 14. Bb1 Rfd8
15. Bg5 Rab8 16. Nf4 d4 17. Bxf6 Bxf6 18. Ne4 Ne5 19. Qxa6 dxe3 20. Nxc5 Qc8
21. Nfxe6 fxe6 22. Qa4 e2 23. Rfe1 Bg5 24. f4 Rd1 25. Kh2 Rxc1 26. Rxc1 Nf3+
27. gxf3 e1=Q 28. Rxe1 Qxc5 29. Re2 Qd6 30. Kg2 Bxf4 31. Qe4 e5 32. Qxh7+ Kf7
33. Qf5+ Kg8 34. Bc2 Qh6 35. Bb3+ Kh8 36. Rc2 g6 37. Rc8+ Rxc8 38. Qxc8+ Kg7
39. Qg8+ Kf6 40. Qd8+ Kf5 41. Bc2+ Ke6 42. Bb3+ Kf5 43. h4 Bc1 44. Qd7+ Kf4 45.
Qg4+ Ke3 46. Qe4+ Kd2 47. Qc2+ Ke1 1-0

[Event "Lloyds Bank Masters 16th"]
[Site "London"]
[Date "1992.08.22"]
[Round "1"]
[White "Timoscenko, Gennadij A"]
[Black "Houska, Miroslav"]
[Result "1-0"]
[WhiteElo "2515"]
[BlackElo "2310"]
[PlyCount "79"]
[EventDate "1992.08.22"]
[EventType "swiss"]
[EventRounds "10"]
[EventCountry "ENG"]
[SourceTitle "BritBase"]
[Source "John Saunders"]
[SourceDate "2023.12.16"]
[SourceVersion "1"]
[SourceVersionDate "2023.12.16"]
[SourceQuality "1"]

1. d4 Nf6 2. c4 c5 3. d5 Ne4 4. Qd3 Qa5+ 5. Nd2 Nd6 6. e4 g6 7. Ngf3 Bg7 8. Be2
Na6 9. O-O Nb4 10. Qb1 O-O 11. a3 Na6 12. b4 cxb4 13. e5 Nf5 14. Nb3 Qc7 15.
axb4 d6 16. b5 Nc5 17. Nxc5 Qxc5 18. Ba3 Qc7 19. exd6 exd6 20. Bb2 Qc5 21. Bxg7
Nxg7 22. h3 Nh5 23. Re1 Nf4 24. Qc1 Nxe2+ 25. Rxe2 Bf5 26. Qh6 g5 27. Qxg5+ Bg6
28. Re4 Rae8 29. Rf4 Re2 30. Rf1 Rc2 31. h4 h5 32. g4 hxg4 33. Rxg4 Rxc4 34. h5
Rxg4+ 35. Qxg4 Qxd5 36. hxg6 f5 37. Qh5 Kg7 38. Rc1 Qe4 39. Rc7+ Kf6 40. Qg5+
1-0

[Event "Lloyds Bank Masters 16th"]
[Site "London"]
[Date "1992.08.22"]
[Round "1"]
[White "Hunt, Adam"]
[Black "Thurlow, Kevin J"]
[Result "1/2-1/2"]
[WhiteElo "1905"]
[BlackElo "2095"]
[PlyCount "74"]
[EventDate "1992.08.22"]
[EventType "swiss"]
[EventRounds "10"]
[EventCountry "ENG"]
[SourceTitle "Thurlow, Kevin"]

1. e4 c5 2. Nf3 e6 3. d4 cxd4 4. Nxd4 Nc6 5. Nb5 d6 6. Bf4 e5 7. Be3 a6 8. N5c3
Be6 9. Be2 Nf6 10. O-O d5 11. exd5 Nxd5 12. Nxd5 Qxd5 13. Qxd5 Bxd5 14. Nc3 Be6
15. Na4 Nd4 16. Bxd4 exd4 17. Bf3 Rb8 18. Nb6 Bc5 19. Nd5 O-O 20. Nf4 Bf5 21.
Rac1 Rfe8 22. Nd3 b6 23. Rfe1 Kf8 24. g3 a5 25. Bc6 Re6 26. Ne5 Re7 27. Bb5 Rc8
28. a3 f6 29. Nd3 Rcc7 30. Kg2 g5 31. f3 h5 32. h3 Bd6 33. Rxe7 Bxe7 34. f4
gxf4 35. Nxf4 Rxc2+ 36. Rxc2 Bxc2 37. Ne6+ Kf7 1/2-1/2

[Event "Lloyds Bank Masters 16th"]
[Site "London"]
[Date "1992.08.22"]
[Round "1"]
[White "Chandler, Murray G"]
[Black "McMahon, Daire"]
[Result "1-0"]
[WhiteElo "2575"]
[BlackElo "2335"]
[PlyCount "46"]
[EventDate "1992.08.22"]
[EventType "swiss"]
[EventRounds "10"]
[EventCountry "ENG"]
[SourceTitle "ChessBase 2017"]
[Source "ChessBase"]
[SourceDate "1990.06.01"]
[SourceVersion "1"]
[SourceVersionDate "1990.06.01"]
[SourceQuality "1"]

1. e4 e5 2. Nf3 Nc6 3. Nc3 Nf6 4. Bb5 Nd4 5. Ba4 Bc5 6. Nxe5 O-O 7. Nd3 Bb6 8.
e5 Ne8 9. Nd5 Qg5 10. Ne3 d6 11. exd6 Nxd6 12. O-O c6 13. c3 Ne6 14. Bc2 f5 15.
f4 Qf6 16. g3 h6 17. Ne5 g5 18. d4 gxf4 19. gxf4 Kh8 20. Kh1 Rg8 21. Bd2 c5 22.
Nd5 Qg7 23. Rg1 Qxg1+ 1-0

[Event "Lloyds Bank Masters 16th"]
[Site "London"]
[Date "1992.08.23"]
[Round "2"]
[White "Adler, Joel Arturo Manuel"]
[Black "Davies, Nigel Rodney"]
[Result "0-1"]
[WhiteElo "2315"]
[BlackElo "2460"]
[PlyCount "88"]
[EventDate "1992.08.22"]
[EventType "swiss"]
[EventRounds "10"]
[EventCountry "ENG"]
[SourceTitle "BritBase"]
[Source "John Saunders"]
[SourceDate "2023.12.16"]
[SourceVersion "1"]
[SourceVersionDate "2023.12.16"]
[SourceQuality "1"]

1. d4 Nf6 2. c4 e6 3. Nf3 b6 4. e3 Bb7 5. Bd3 d5 6. O-O Bd6 7. Nc3 O-O 8. b3
Nbd7 9. Bb2 a6 10. Rc1 Qe7 11. Na4 Ne4 12. Qe2 f5 13. Rc2 dxc4 14. bxc4 c5 15.
Rd1 Rad8 16. Nc3 Kh8 17. d5 Nxc3 18. Bxc3 exd5 19. cxd5 b5 20. Rcd2 Rc8 21. e4
fxe4 22. Qxe4 Qxe4 23. Bxe4 b4 24. Ba1 c4 25. Bd4 Nf6 26. Bf5 Rce8 27. Be6 c3
28. Rd3 Bf4 29. Bxc3 bxc3 30. Rxc3 Re7 31. g3 Bd6 32. Rb3 Ne4 33. Nd4 g6 34. f4
Bc5 35. Kf1 Rd8 36. Rbd3 Nf6 37. Nc6 Bxc6 38. dxc6 Rxd3 39. Rxd3 Rc7 40. Bd7
Kg7 41. g4 Be7 42. h3 Kf7 43. Ke2 Nxd7 44. cxd7 Bd8 0-1

[Event "Lloyds Bank Masters 16th"]
[Site "London"]
[Date "1992.08.23"]
[Round "2"]
[White "Baquero, Luis A"]
[Black "Gurevich, Ilya"]
[Result "0-1"]
[WhiteElo "2370"]
[BlackElo "2510"]
[PlyCount "120"]
[EventDate "1992.08.22"]
[EventType "swiss"]
[EventRounds "10"]
[EventCountry "ENG"]
[SourceTitle "BritBase"]
[Source "John Saunders"]
[SourceDate "2023.12.16"]
[SourceVersion "1"]
[SourceVersionDate "2023.12.16"]
[SourceQuality "1"]

1. c4 e5 2. Nc3 Nf6 3. Nf3 Nc6 4. g3 Bb4 5. Nd5 O-O 6. Nxb4 Nxb4 7. d3 Re8 8.
Bg2 d6 9. O-O Nc6 10. h3 h6 11. e4 Nd7 12. d4 Qf6 13. Be3 exd4 14. Nxd4 Nde5
15. Nb5 Qd8 16. b3 f5 17. Qh5 fxe4 18. Bxe4 Be6 19. Rad1 Bf7 20. Bd5 a6 21. Nc3
Qd7 22. Kg2 Ne7 23. Bxf7+ Nxf7 24. Nd5 Nxd5 25. Qxd5 c6 26. Qd3 b5 27. Bf4 Re6
28. Rfe1 Rae8 29. Rxe6 Rxe6 30. Qf5 g6 31. Qd3 g5 32. Bc1 Ne5 33. Qc3 bxc4 34.
bxc4 Qf7 35. Bb2 Rf6 36. Rf1 Rf3 37. Qb4 Nxc4 38. Qb8+ Qf8 39. Qxf8+ Rxf8 40.
Bc3 c5 41. Rc1 d5 42. Kf1 Re8 43. Be1 Kf7 44. g4 Re4 45. f3 Re3 46. Bf2 Rxf3
47. Kg2 Ra3 48. Bxc5 Rxa2+ 49. Kf3 Nd2+ 50. Ke3 Nb3 51. Rf1+ Ke6 52. Bf8 Rh2
53. Rf3 h5 54. gxh5 Nd2 55. Rf2 d4+ 56. Ke2 d3+ 57. Ke1 Rxf2 58. Kxf2 Kf7 59.
Bb4 Ne4+ 60. Ke3 d2 0-1

[Event "Lloyds Bank Masters 16th"]
[Site "London"]
[Date "1992.08.23"]
[Round "2"]
[White "Gallagher, Joseph G"]
[Black "Coleman, David J"]
[Result "1-0"]
[WhiteElo "2510"]
[BlackElo "2235"]
[PlyCount "111"]
[EventDate "1992.08.22"]
[EventType "swiss"]
[EventRounds "10"]
[EventCountry "ENG"]
[SourceTitle "BritBase"]
[Source "John Saunders"]
[SourceDate "2023.12.16"]
[SourceVersion "1"]
[SourceVersionDate "2023.12.16"]
[SourceQuality "1"]

1. e4 c5 2. Nf3 d6 3. d4 cxd4 4. Nxd4 Nf6 5. Nc3 a6 6. Be2 e5 7. Nb3 Be7 8. Be3
O-O 9. g4 Be6 10. g5 Ne8 11. h4 Nd7 12. Bg4 Nc7 13. Bxe6 fxe6 14. Qg4 Kh8 15.
g6 Nf6 16. Qg2 Nh5 17. gxh7 Bxh4 18. O-O-O Nf4 19. Qg4 Be7 20. Kb1 Rf7 21. Ne2
Nxe2 22. Qxe2 Qd7 23. Qh5 Qe8 24. Nd2 Qf8 25. Rhg1 Rc8 26. Rg3 d5 27. Nf3 Rxf3
28. Rxf3 Bf6 29. Qg6 dxe4 30. Qxe4 Nd5 31. Bg5 Qd8 32. Bd2 b5 33. Qg4 b4 34.
Bxb4 e4 35. Rb3 a5 36. Bxa5 Qxa5 37. Qxe6 Rd8 38. Rh1 Ra8 39. a3 Qc5 40. Qxe4
Qc6 41. Re1 Rc8 42. a4 Qc5 43. f3 Bxb2 44. Kxb2 Nc3 45. Rxc3 Qxc3+ 46. Ka2 Qd2
47. Re2 Qd7 48. Re3 Qd2 49. Kb1 Qd7 50. Rb3 Re8 51. Qc4 Rc8 52. Qe4 Re8 53. Qf4
Qd8 54. Kb2 Kxh7 55. Rb5 Qc8 56. Qf5+ 1-0

[Event "Lloyds Bank Masters 16th"]
[Site "London"]
[Date "1992.08.23"]
[Round "2"]
[White "Kwiatkowski, Feliks Jerzy"]
[Black "Ward, Christopher G"]
[Result "1/2-1/2"]
[WhiteElo "2240"]
[BlackElo "2440"]
[PlyCount "40"]
[EventDate "1992.08.22"]
[EventType "swiss"]
[EventRounds "10"]
[EventCountry "ENG"]
[SourceTitle "BritBase"]
[Source "John Saunders"]
[SourceDate "2023.12.16"]
[SourceVersion "1"]
[SourceVersionDate "2023.12.16"]
[SourceQuality "1"]

1. e4 c5 2. Nf3 d6 3. d4 cxd4 4. Nxd4 Nf6 5. Nc3 g6 6. Bg5 Bg7 7. Bb5+ Bd7 8.
Qe2 h6 9. Bh4 Nc6 10. O-O-O Nh5 11. Bxc6 bxc6 12. Nf5 gxf5 13. Qxh5 Bxc3 14.
bxc3 Qa5 15. exf5 Qxc3 16. Rhe1 Qa3+ 17. Kd2 Qa5+ 18. Kc1 Qa3+ 19. Kd2 Qa5+ 20.
Kc1 Qa3+ 1/2-1/2

[Event "Lloyds Bank Masters 16th"]
[Site "London"]
[Date "1992.08.23"]
[Round "2"]
[White "Ledger, Andrew J"]
[Black "Thipsay, Praveen Mahadeo"]
[Result "0-1"]
[WhiteElo "2335"]
[BlackElo "2475"]
[PlyCount "83"]
[EventDate "1992.08.22"]
[EventType "swiss"]
[EventRounds "10"]
[EventCountry "ENG"]
[SourceTitle "BritBase"]
[Source "John Saunders"]
[SourceDate "2023.12.16"]
[SourceVersion "1"]
[SourceVersionDate "2023.12.16"]
[SourceQuality "1"]

1. c4 g6 2. Nc3 Bg7 3. g3 e5 4. Bg2 d6 5. d3 f5 6. e3 Nf6 7. Nge2 O-O 8. O-O
Nc6 9. Rb1 Ne7 10. b3 Rb8 11. h3 Be6 12. f4 a6 13. a4 Qd7 14. Bb2 Rfe8 15. Qd2
c6 16. a5 Qc7 17. Na4 Nd7 18. Bc3 c5 19. b4 cxb4 20. Bxb4 Nc6 21. Bc3 Bf7 22.
Nb6 Nc5 23. d4 exd4 24. exd4 Ne4 25. Bxe4 Rxe4 26. d5 Rbe8 27. Rbe1 Bxc3 28.
Nxc3 Rxe1 29. Rxe1 Rxe1+ 30. Qxe1 Nxa5 31. Nca4 Nxc4 32. Qc3 Be8 33. Nxc4 Bxa4
34. Qf6 Qxc4 35. Qe6+ Kf8 36. Qxd6+ Ke8 37. Qb8+ Kd7 38. Qxb7+ Kd6 39. Qxh7
Qd4+ 40. Kf1 Bb5+ 41. Ke1 Qe3+ 42. Kd1 0-1

[Event "Lloyds Bank Masters 16th"]
[Site "London"]
[Date "1992.08.23"]
[Round "2"]
[White "Mannion, Stephen R"]
[Black "Sadler, Matthew D"]
[Result "0-1"]
[WhiteElo "2390"]
[BlackElo "2515"]
[PlyCount "80"]
[EventDate "1992.08.22"]
[EventType "swiss"]
[EventRounds "10"]
[EventCountry "ENG"]
[SourceTitle "BritBase"]
[Source "John Saunders"]
[SourceDate "2023.12.16"]
[SourceVersion "1"]
[SourceVersionDate "2023.12.16"]
[SourceQuality "1"]

1. e4 c5 2. Nf3 d6 3. d4 cxd4 4. Nxd4 Nf6 5. Nc3 a6 6. f4 Nbd7 7. a4 g6 8. Bd3
Bg7 9. Nf3 O-O 10. O-O Qc7 11. Kh1 b6 12. Qe1 Bb7 13. Qh4 Rae8 14. Bd2 e6 15.
Rae1 Nh5 16. g4 Nhf6 17. f5 exf5 18. gxf5 Nh5 19. Nd5 Bxd5 20. exd5 Nc5 21. Qc4
Qd7 22. b3 Rc8 23. Ng5 Qb7 24. Ne4 Be5 25. fxg6 hxg6 26. Bh6 Rfe8 27. Nxc5 Rxc5
28. Qe4 Kh7 29. Bg5 Kg7 30. c4 Rh8 31. Bh4 Qd7 32. Qf3 Nf4 33. Bg3 Rh3 34. Kg1
Rc8 35. Bb1 Rch8 36. Qe4 Rxg3+ 37. hxg3 Qh3 38. Rf2 Qxg3+ 39. Kf1 Qh3+ 40. Kg1
Rh4 0-1